Plats avec du Fromage - Mort Subite - Statistiques

Statistiques générales
  • Ce quiz a été pris 2 289 fois
  • Le résultat moyen est 5 sur 16
Answers on the Grid
Answers color-coded by a green-red scale on the quiz's grid according to % correct below.
Raclette
Fondue savoyarde
Tartiflette
Poutine
Cervelle de canut
Pizza Margherita
Cacio e pepe
Aligot
Oreilles d'âne
Knafeh / Kunafeh
Salade grecque
Cordon bleu
Croque-monsieur
Soupe à l'oignon gratinée
Bryndzové halušky
Quesadilla
Pizza marinara
Paella valenciana
Steak Diane
Soupe aux gourganes
Cassoulet
Gratin dauphinois
Hachis Parmentier
Mousse au chocolat
Bulgogi
Guacamole
Fromage de tête / Tête fromagée
Hot-dog de Montréal
 
Statistiques - réponses
Réponse % Correct
Raclette
56%
Tartiflette
56%
Cordon bleu
54%
Croque-monsieur
54%
Fondue savoyarde
51%
Aligot
50%
Pizza Margherita
48%
Poutine
46%
Quesadilla
33%
Soupe à l'oignon gratinée
33%
Salade grecque
31%
Cacio e pepe
13%
Cervelle de canut
7%
Knafeh / Kunafeh
6%
Bryndzové halušky
2%
Oreilles d'âne
1%
Aucun quiz correspondant
Distribution des résultats
% des personnes avec chaque résultat
Percentile par nombre de réponses
Votre historique - résultats
Vous n’avez pas pris ce quiz